Unscramble drink names Quiz Stats

 Plays Quiz not verified by Sporcle

Support Sporcle.
Go Orange.
Score 0/16 Timer 03:00
0 Plays Today
question answer % Correct
isepppepsi
97.4%
ocac-aolccoca-cola
95.7%
rd. prepepdr. pepper
94%
isepp xmaxpepsi maxx
93.2%
dre lublred bull
92.3%
toro reberoot beer
90.6%
etspirsprite
89.7%
vnees puseven up
88.9%
question answer % Correct
rm. bipbmr. pibb
88.9%
anaftfanta
88.9%
nigreg leaginger ale
82.9%
elmnodealemonade
82.1%
nomstremonster
81.2%
vulatvault
64.1%
nianmuont ewdmountain dew
63.2%
ckortrsarockstar
47.9%

You're not logged in!

Compare scores with friends on all Sporcle quizzes.
OR
Log In

From the Vault

'B' in Europe

by Cortez

When it comes to geography, these places are the best of the best.
Remove Ads.
Support Sporcle.
Get the best of Sporcle when you Go Orange. This ad-free experience offers more features, more stats, and more fun while also helping to support Sporcle. Thank you for becoming a member.

Show Comments

Extras

Created Mar 10, 2011ReportNominate
Tags:Mixed Word Quiz, Drink, soda

Top Quizzes Today


Score Distribution

Your Account Isn't Verified!

In order to create a playlist on Sporcle, you need to verify the email address you used during registration. Go to your Sporcle Settings to finish the process.

Report this User

Report this user for behavior that violates our Community Guidelines.

Details: